| 000 | 00650nam a2200181Ia 4500 | ||
|---|---|---|---|
| 003 | GCL | ||
| 008 | 140319s9999 xx 000 0 ara d | ||
| 040 |
_aGCL / _cGCL |
||
| 082 | 0 | 4 |
_a005.3 _bهـ ف |
| 100 | 1 | _aهايمان، مايكل | |
| 245 | 1 | 0 |
_aفيجوال سى++ دوت نت / _cهايمان، مايكل |
| 260 |
_aالقاهرة : _bدار الفاروق للنشر والتوزيع ، _c2002 |
||
| 300 |
_a384 ص ؛ _c24 سم |
||
| 650 | 0 | 4 | _aالحاسبات الالكترونية |
| 650 | 0 | 4 | _aالحاسبات الالكترونية - تصميم |
| 650 | 0 | 4 | _aالحاسبات الالكترونية - برامج |
| 942 |
_2ddc _cBK |
||
| 999 |
_c7187 _d7187 |
||